[Event "Candidates Tournament"]
[Site "Berlin"]
[Date "2018.03.20"]
[Round "9"]
[White "Caruana, Fabiano"]
[Black "Ding, Liren"]
[Result "1/2-1/2"]
[WhiteElo "2784"]
[BlackElo "2769"]
[Annotator "Sadorra,J"]
[PlyCount "133"]
[EventDate "2018.03.10"]
[EventType "tourn"]
[EventRounds "14"]
[EventCountry "GER"]
[EventCategory "22"]
[SourceTitle "CBM 184"]
[Source "ChessBase"]
[SourceDate "2018.05.16"]
[SourceVersion "1"]
[SourceVersionDate "2018.05.16"]
[SourceQuality "1"]

1. d4 Nf6 2. c4 e6 3. g3 Bb4+ 4. Bd2 Be7 5. Bg2 d5 6. Nf3 O-O 7. O-O c6 8. Qb3
$5 {As he shared in the interviews, his team prepared this line for the
Candidates.} b6 {[%csl Rc4][%cal Gc8a6,Ra6c4,Gb2b3,Gb3c4] This move makes
perfect sense as it plans to exploit White's inability to hold the c-pawn with
the move b2-b3.} ({For} 8... Nbd7 {see Caruana's game against So in round 1 of
this event.}) 9. Nc3 Ba6 10. cxd5 cxd5 11. Ne5 Bb7 {All the moves played have
been standard procedure so far.} ({The typical way to get rid of the strong
knight on e5 doesn't work yet due to tactics:} 11... Nfd7 $2 12. Nxd5 $1 exd5
13. Nxf7 Rxf7 14. Bxd5 $16) 12. Rfc1 $1 ({The other rook move has also been
tried before:} 12. Rac1 Nc6 13. Nb5 (13. Nxd5 Nxd4 14. Nxe7+ Qxe7 15. Qc4 Bxg2
16. Kxg2 Rfd8 $11 {0-1 (44) Romero,P (2133)-Rallabandi,P (2186) ICCF email
2017. Black has no problems here and even won in one correspondence game.})
13... Nxe5 14. dxe5 Nd7 15. Qe3 Bc5 (15... Nc5 $5 16. b4 Qd7 17. Nd6 Ne4 $1 $11
) 16. Nd4 a5 17. f4 Ba6 {White has a slightly more pleasant position to play
but Black has good counter-chances to keep the balance.}) 12... Nc6 ({It's
possible now to kick back the knight with the typical} 12... Nfd7 {but after}
13. Nd3 $1 Nc6 14. e3 (14. Qa4 Nf6 15. e3 a6 16. Qb3 Na5 17. Qd1 Nc4 $11 {
1/2-1/2 (40) Szczepanski,Z (2523)-Godat,T (2317) LSS email 2009}) 14... Rc8 15.
a4 $5 {White still has some initiative on the queenside.} Na5 16. Qd1 Nc4 17.
Be1 a6 18. b3 $14 {1-0 (72) Huang Qian (2440)-Guo Qi (2381) Xinghua CHN 2018})
13. Nxd5 Nxd4 14. Nxe7+ Qxe7 15. Qc4 Bxg2 16. Qxd4 {The point. White has this
option without a rook on f1.} Rfd8 17. Qf4 ({Caruana also considered the better
} 17. Qb4 $5 Qxb4 18. Bxb4 Bb7 19. Rc7 Ba6 20. Rac1 Nd5 {but unfortunately
couldn't make it work until Ding pointed out} 21. Rxf7 $1 Bxe2 (21... Nxb4 $4
22. Rcc7 $18) 22. Ba3 $14 {and White is a tempo up in the game continuation.})
17... Bb7 $6 {Now Caruana plays energetically to obtain a pleasant edge in the
ending.} (17... Bd5 {doesn't help much in defending against White's growing
initiative.} 18. Bb4 Qe8 19. Rc7 Nd7 20. Nc4 (20. Ng4 e5 21. Qg5 Kh8 $11) 20...
Bxc4 21. Qxc4 Rdc8 (21... Ne5 22. Qe4 $1 Qb5 23. Rac1 $14) 22. Rc1 $14) 18. Bb4
Qe8 19. Rc7 Nd5 20. Qxf7+ Qxf7 21. Rxf7 Ba6 22. Ba3 Bxe2 23. Rc1 Bh5 24. Rb7
Be8 {Caruana thinks here that though it's pleasant for him "it's not as much
as he had hoped for."} 25. Kg2 a5 26. h4 $1 Rdb8 27. Rxb8 Rxb8 28. g4 b5 29. b3
b4 30. Bb2 a4 $2 {Ding doesn't sense the danger.} ({It was best to first
prevent h4-h5:} 30... h5 $1 31. g5 Ne7 $1 $132 {[%csl Rh4][%cal Ge7f5]}) 31. h5
Ra8 32. Kg3 {Both players agreed here that Black is in the very unpleasant
situation of having no counterplay.} Kf8 33. Nf3 Bd7 34. Rc4 Kg8 35. Ne5 Bb5
36. Rc5 Be8 37. Nc4 Bd7 38. Ne5 Be8 39. Bd4 Kf8 40. f3 Ke7 41. Kh4 $5 Kf8 42.
Kg5 {Caruana's main idea is to provoke h6, but then quipped that he wasn't
really sure why he wanted it!} h6+ 43. Kh4 Kg8 44. Kg3 Kh7 45. Nd3 Kg8 46. Rc1
axb3 47. axb3 Kh7 48. Nc5 $1 {I just like the way Caruana shuffles his pieces
around and pokes at Black's weaknesses in different ways; this allowed him to
slowly, slowly increase his advantage.} Bf7 49. Re1 Ne7 50. Bb2 $1 {Avoiding
Black's equalising resource.} (50. Nxe6 Nc6 51. Bc5 Re8 52. Nf8+ Kg8 $11) 50...
Nc6 51. f4 Ra2 52. Nd3 e5 53. fxe5 Bxb3 $6 {Allowing White to give Black
problems with the passed pawn.} (53... Nd8 $5 54. Re4 Bxb3 55. Rxb4 Bf7 {
seems drawish but Black might still have to be a little careful.} 56. Nf2 Ne6
57. Ne4 Ra7 58. Nd6 Bg8 $1 {and looks like Black has a fortress.}) (53... Be6
$5 54. Re4 Bxb3 55. e6 Ra7 {is similar to the game.} 56. Nc5 Bd5 57. Re2 (57.
Rf4 Re7) 57... Kg8 $11) 54. e6 Ra7 (54... Bc4 55. e7 Nxe7 56. Rxe7 Bxd3 57.
Rxg7+ Kh8 58. Bd4 {Caruana wasn't sure if this was winning at all and he could
be right in questioning it. Nevertheless, the pressure will be on Black!} b3
59. Rb7+ Kg8 60. Rxb3 Be2 $1 61. Rb8+ Kf7 62. Rb7+ Ke8 $1 (62... Kg8 $6 63.
Rg7+ Kf8 64. Rg6 Ra6 65. Bb6 Ra3+ 66. Kh4 Ra4 67. Be3 Ra6 $1 68. Rxa6 Bxa6 69.
Bxh6+ Kg8 $11) 63. Rb6 Ra4 $11) 55. Nc5 Bc4 56. Nd7 Bb5 57. Nf8+ Kg8 58. Ng6
Ne7 $2 ({A better defence was} 58... Ra8 $1 59. Rc1 (59. e7 Re8 60. Re4 (60.
Re3 Bc4 {[%csl Re7,Rg6][%cal Gc4f7]}) 60... Bd3 61. Re6 Bb5 (61... Bxg6 $2 62.
Rxg6 Nxe7 63. Rxg7+ Kf8 64. Rh7 $18)) 59... Re8 60. Rc5 Ba4 61. Nf4 Rd8 $11)
59. Ra1 $1 {This small tactic is what Ding missed.} Nc6 {Luckily there is
still a move that keeps him alive!} (59... Rxa1 60. Nxe7+ Kf8 61. Ng6+ Kg8 62.
Bxa1 $18) 60. Rd1 Kh7 61. Rd5 Ba4 62. Kf4 Bc2 63. Rc5 Ba4 64. g5 $1 hxg5+ ({
A more stubborn defence is} 64... Ra8 {but it's difficult to play such waiting
moves while the opponent is continuing to make progress.} 65. gxh6 Kxh6 66. Rg5
$36 {[%cal Gg6h4,Gh4f5]} Bc2 67. Nh8 $5 Rxh8 68. Bxg7+ Kh7 69. Bxh8 Kxh8 70.
Rb5 Bb3 71. Rb6 Bxe6 $1 {Now I think Black can get a theoretically drawn
ending (rook pawn on 5th or 6th is a draw, for your information):} (71... Bd5
72. Kf5 Kg7 73. h6+ Kh7 (73... Kxh6 74. e7) 74. Kg5 $18) 72. Rxc6 Bg8 73. Rb6
b3 74. Kg5 Bc4 {quickly going to the right defensive diagonal!} (74... b2 75.
Rxb2 Bh7 {trying to transfer to the right defensive diagonal but White can
prevent it} (75... Bc4 76. Rd2) (75... Bd5 76. Rb4) 76. Kh6 Bg8 77. Rb7 $18)
75. Rb8+ Kg7 76. Rb7+ Kh8 77. h6 Bd3 78. Rxb3 Bc2 $11) 65. Rxg5 Nd8 {Here,
Caruana suddenly felt that there might be some danger in his position and
thought it best not to play risky.} 66. Re5 ({Caruana checked the forcing
lines but unfortunately missed an important detail in his analysis:} 66. Nf8+
Kg8 67. h6 (67. Bxg7 Rxg7 68. e7 Nf7) 67... Kxf8 68. h7 $1 {which is a clearly
winning for White.} (68. hxg7+ Kg8)) 66... Be8 67. e7 {White offered a draw
and it was accepted.} 1/2-1/2

[Event "Candidates Tournament"]
[Site "Berlin"]
[Date "2018.03.26"]
[Round "13"]
[White "Caruana, Fabiano"]
[Black "Aronian, Levon"]
[Result "1-0"]
[WhiteElo "2784"]
[BlackElo "2794"]
[Annotator "Sadorra,J"]
[PlyCount "77"]
[EventDate "2018.03.10"]
[EventType "tourn"]
[EventRounds "14"]
[EventCountry "GER"]
[EventCategory "22"]
[SourceTitle "CBM 184"]
[Source "ChessBase"]
[SourceDate "2018.05.16"]
[SourceVersion "1"]
[SourceVersionDate "2018.05.16"]
[SourceQuality "1"]

1. e4 e5 2. Nf3 Nc6 3. Bb5 a6 4. Ba4 Nf6 5. O-O Be7 6. Re1 b5 7. Bb3 O-O 8. d3
{The Anti-Marshall variation of the Ruy Lopez is currently the only way to
give Marshall players any theoretical problems.} d6 9. Bd2 $5 {This move was
used by Grischuk in the 12th round of the same event. Its idea is to prevent
the typical move of the Black knight to a5 while preparing to play either
a2-a4, Nc3 or c3 depending on what Black does next. According to my Megabase,
this was actually first intoduced by Andrew Muir (now IM) into tournament
practice way back in 1978!} Bg4 ({Grischuk's game in the 12th round went} 9...
Kh8 $5 10. h3 Nd7 11. Nc3 Na5 12. Nd5 Nxb3 13. axb3 Bb7 14. c4 $14 {½-½ (54)
Grischuk,A (2767)-Aronian,L (2794) Berlin GER 2018. White obtained an edge
from the opening}) ({The aforementioned first game continued} 9... Nd7 10. a4
Bb7 {which actually transposes to a line in the old Arkhangelsk Ruy Lopez!} {
Now the most precise is} 11. Nc3 $1 Nd4 (11... b4 12. Nd5) 12. Nxd4 exd4 13.
Nd5 $14) 10. c3 d5 11. h3 Bh5 12. Qe2 $5 $146 {This useful, flexible move is
Caruana's team's novelty.} ({Previously seen was} 12. exd5 Nxd5 13. g4 $6 Bg6
14. Nxe5 Nxe5 15. Rxe5 Nb6 16. d4 Bd6 17. Bg5 Qd7 $44 {1-0 (46) Jackson,S 
(2185)-Littlewood,P (2475) London 1984. Black had the typical Marshall
compensation, and probably even more.}) 12... Rb8 13. Bg5 $1 {Surrendering
central control is simply not part of Caruana's chosen plan.} (13. exd5 $6 Nxd5
14. g4 Bg6 15. Nxe5 Nxe5 16. Qxe5 c6 $44 17. Bxd5 (17. d4 Bd6) 17... Bf6 $1 18.
Qg3 cxd5 19. Bf4 Rc8 20. g5 Be7 21. Nd2 f6 $1 $132) 13... dxe4 14. dxe4 h6 15.
Bc1 $1 {A tough move to make which Caruana said was still part of his preps.
On c1, the bishop will not get in the way of the other pieces. As one
principle goes, development doesn't matter much in a closed game or when the
enemy cannot easily open up the game.} ({Retreating the bishop the other way
is also not part of Caruana's plan:} 15. Bh4 Nd7 16. Bg3 {Now this bishop will
get in the way of the queen's knight later.} (16. Bxe7 Qxe7 17. Nbd2 Qf6 $1 {
preventing the typical knight manoeuvre to f1-g3/e3.}) 16... Bd6 17. Nbd2 Nc5
18. Bc2 a5 $132 19. Nf1 $6 {White cannot simply ignore Black's queenside
activity:} b4 (19... a4 $5 20. a3 Na5 $15) 20. Ne3 Qf6 21. Nf5 (21. Nd5 Qe6)
21... bxc3 22. bxc3 Rb2 $36) 15... Bg6 16. Nbd2 Nh5 {preventing White's
knights from coming to h4 and g3.} (16... Bc5 17. Nh4 (17. a4 $5 {it also
looks good for White to pressure Black on the queenside.}) 17... Bh7 (17... Bh5
18. Ndf3 $36 {[%cal Gg2g4,Gh4f5]}) 18. Nf5 $14) 17. Nf1 Bc5 (17... Nf4 $6 {
This active move is not according to the spirit of Black's position.} 18. Bxf4
exf4 19. Bd5 $1 (19. Rad1 Qc8 20. Qd2 $16) 19... Na5 20. Rad1 Qc8 21. Ne5 $16
Bh7 22. Qh5 $40) 18. g3 {A useful move, preventing any future possibility of
Black's knight going to f4, and preparing for White's knight to go to h4.} Kh7
19. Kg2 Qe7 (19... f5 $2 {is still premature.} 20. exf5 Rxf5 (20... Bxf5 21.
Ng5+ $1) 21. Bc2 Rf6 22. Ng5+ $1 $18) 20. Bc2 $1 {A nice double-purpose or a
"double-positional-threat" move. The first and more obvious idea is to
overprotect e4 enabling the knight to go to e3 then d5.} Rfd8 (20... a5 21. Ne3
) 21. b4 $1 {This was the second positional threat.} ({There is also nothing
wrong with} 21. Ne3 Nf6 22. Nh4 $16 {but Caurana's choice dominates Black on
both sides of the board.}) 21... Bb6 22. a4 {Caruana creates a second weakness
as his kingside play will always be there for him.} Nf6 23. Nh4 {A good
practical decision.} ({According to Caruana, he didn't want the game to go out
of control after} 23. axb5 axb5 24. Qxb5 Bxf2 25. Qxc6 Bxe1 26. Nxe1 $16 {
while White is still better, but there's a chance he could miss something or
for Black to create some counterplay.}) 23... Qe6 24. Bd3 ({Caruana also
pointed out that White also has the option} 24. Nxg6 fxg6 25. Bd3 Rf8 26. f3 {
which is very accurate and is objectively the better choice.}) 24... Bh5 $1 {
Black cannot just sit and watch White create play on both sides of the board
so Aronian tries to muddle things up and "swim against the tide."} ({If} 24...
Ne7 {Caruana was once again sharp in spotting the important idea:} 25. Nxg6
Nxg6 26. axb5 axb5 27. Bxb5 Bxf2 28. Bc4 $1 $18 (28. Kxf2 Qb6+)) 25. g4 Bxg4 {
The logical follow-up.} (25... Bg6 {doesn't make sense as it only helps White
improve his position after} 26. axb5 (26. Ng3 $16 {Caruana}) 26... axb5 27.
Nxg6 (27. Bxb5 Nxe4) 27... fxg6 28. Bxb5 $16) 26. hxg4 Nxg4 ({If} 26... Qxg4+ {
Caruana correctly thought that the ending will be technically winning for
White.} 27. Qxg4 Nxg4 28. Be2 Bxf2 (28... Nxf2 29. axb5 axb5 30. Bxb5 Ne7 31.
Bc4 f6 32. Be3 Bxe3 33. Rxe3 $18) 29. Rd1 Bxh4 30. Bxg4 {mainly because "the
black pawns are not moving and the knight on c6 is still bad." His assessment
is once again confirmed accurate by the engine!}) 27. Nf5 Nxf2 28. Bc2 g6 29.
N1e3 $6 {While this is a good practical move as it gives Black a difficult
position to play afterwards, it cannot be considered best because it allows
Black some counter-attacking ideas.} (29. N5e3 $1 {is a better way to keep the
advantage but White still has to find a few accurate moves. Both Caruana and
Aronian actually thought that this line leads to a draw, but they missed a few
important details:} Nh3 30. Nd5 Ng1 (30... Nf4+ 31. Nxf4 exf4 32. Bxf4 $16) 31.
Qd3 Ne7 {[%csl Rd5]} 32. a5 ({Both players only saw} 32. Nfe3 Qh3+ 33. Kxg1
Qg3+ 34. Kf1 Qf3+ 35. Kg1 Qg3+ $11) (32. Qg3 $5 Nxd5 33. exd5 Qxd5+ 34. Be4 Qc4
35. Nd2 $16) 32... Ba7 33. Qg3 Nxd5 34. exd5 Qxd5+ 35. Be4 Qc4 36. Nd2 $18 {
Black doesn't have enough compensation for the piece, and he is about to lose
another one.}) ({Another way is to stabilize the queenside first with} 29. a5
$1 Ba7 30. N5e3 Nh3 31. Nd5 Nf4+ (31... Ng1 32. Qd3 {transposes to the
previous note.}) 32. Nxf4 exf4 33. Bxf4 Qf6 34. Qf3 $16) 29... gxf5 30. exf5
Qf6 31. Qxf2 (31. Kxf2 $2 {loses by force to} Qh4+ 32. Kf1 Nd4 33. Qg2 (33. f6+
Kh8) (33. Qf2 Qxf2+ 34. Kxf2 Nxc2 $19) 33... Rg8 $19) {This is the most
critical moment for Black, and of the game!} 31... e4 $2 {After this, Black's
attack eventually runs out of steam and White's pieces take over.} (31... Nxb4
$1 32. cxb4 Rd4 $1 {In the post-game interview, Aronian was frustrated with
himself for not even seeing the idea of bringing the rook into the attack this
way.} 33. Kh3 $1 {Controlling h4 is the only way for the king to survive. Now
from here, Black must find some precise moves to keep things unclear, or keep
drawing chances, which is almost impossible in a practical game. Nevertheless,
let me share some beautiful tactical ideas used by the engine to show that
this ridiculously imbalanced game is still a draw with best play!} Qg5 $1 (
33... Rg8 34. Nd5 $3 {Taking control of g5 through which the enemy could
invade.} Rxd5 35. Qf3 Rd4 36. Be4 $16) 34. f6+ Kh8 35. Nf5 Qh5+ (35... Qg4+ 36.
Kh2 Qh5+ 37. Kg2 {transposes}) 36. Kg2 Rg8+ 37. Qg3 $1 (37. Ng3 $2 Rh4 $19)
37... Rc4 $1 {Another precise move.} (37... Rdg4 38. Bxh6 $18 {[%cal Gh6g7,
Ge1h1]}) (37... Rxg3+ 38. Nxg3 Rg4 39. Ra3) 38. Bd3 (38. Be4 $2 Rxe4 $1 39.
Qxg8+ Kxg8 40. Nxh6+ Kf8 41. Rxe4 Qd1 $19) 38... Rxg3+ 39. Nxg3 Rg4 40. Bf4 $3
{Just say "Woah..."} (40. Ra3 Bf2 $1 $19) {Now the only way to keep the
balance is to find the equally stunning} 40... Bg1 $3 {"Woah..."} (40... exf4
41. Re8+) (40... Rxf4 41. Nxh5) (40... Qh4 41. Rh1 $16) 41. Bxe5 Bh2 {The
point. Black gains piece coordination to create counterplay.} 42. Re3 Bxg3 43.
Bxg3 Qd5+ 44. Kh2 Qh5+ 45. Kg2 Qd5+ $11 {and White cannot avoid repetition.}
46. Kf2 $2 Rxg3 $1 47. Kxg3 Qg5+ 48. Kf2 Qxf6+ $19) (31... Nd4 {is not as
effective as after} 32. Be4 $1 Nb3 33. Rb1 bxa4 34. Kh3 $16 {White has
everything under control.}) 32. Rh1 Rd6 33. Bxe4 Rg8+ (33... Re8 {doesn't help
after the programmed} 34. Qf4 $1 Qe5 35. Qxe5 Rxe5 36. Kf3 $19) 34. Kf1 Ne5 35.
Qf4 c6 36. axb5 Rg5 ({If} 36... axb5 {I'm sure Caruana would've found the
forcing solution:} 37. Rxh6+ Qxh6 38. f6+ Rg6 39. Qxh6+ Kxh6 40. Nc4+ $1 $18 (
40. Nf5+ $6 Kh5 41. Nxd6 Rxf6+ 42. Nf5 Kg4 $132)) 37. bxa6 Qd8 {Many roads
here lead to Rome.} 38. f6+ Ng6 39. Rxh6+ {...and Aronian resigned here due to
the obvious forcing moves that can follow:} (39. Rxh6+ Kxh6 40. Qh2+ Rh5 41.
Nf5+ $18 {An impressive game by the current world #2 and winner of the
Candidates event Fabiano Caruana. His superb opening prep, understanding of
middlegame subtleties and evaluation skills that are almost as accurate as the
engine's rightfully make him a deserving challenger to the World Championship
crown!}) 1-0